Stride la vampa! / (Record no. 186488)
[ view plain ]
| 000 -LEADER | |
|---|---|
| campo de control de longitud fija | 01255nam a2200325 i 4500 |
| 001 - NÚMERO DE CONTROL | |
| campo de control | 186488 |
| 003 - IDENTIFICADOR DE NÚMERO DE CONTROL | |
| campo de control | SpMaBN |
| 005 - FECHA Y HORA DE LA ÚLTIMA TRANSACCIÓN | |
| campo de control | 20250928132659.0 |
| 008 - DATOS DE LONGITUD FIJA--INFORMACIÓN GENERAL | |
| campo de control de longitud fija | 161117s2009 sp ao |||| | spa d |
| 020 ## - NÚMERO INTERNACIONAL ESTÁNDAR DEL LIBRO | |
| Número Internacional Estándar del Libro | 978-84-612-8374-3 (ABAO-OLBE) |
| 020 ## - NÚMERO INTERNACIONAL ESTÁNDAR DEL LIBRO | |
| Número Internacional Estándar del Libro | 978-84-96515-83-3 (Fundación BBVA) |
| 080 ## - NÚMERO DE LA CLASIFICACIÓN DECIMAL UNIVERSAL | |
| Número de la Clasificación Decimal Universal | 782.1 Verdi, Giuseppe.Trovatore |
| 080 ## - NÚMERO DE LA CLASIFICACIÓN DECIMAL UNIVERSAL | |
| Número de la Clasificación Decimal Universal | 792.54(460.152 B.)(084) |
| 080 ## - NÚMERO DE LA CLASIFICACIÓN DECIMAL UNIVERSAL | |
| Número de la Clasificación Decimal Universal | 62/69(460.152)(084) |
| 245 00 - MENCIÓN DEL TÍTULO | |
| Título | Stride la vampa! / |
| Mención de responsabilidad, etc. | [fotografías de Mikel Alonso ; textos de Manuel Montero, Juan Ángel Vela del Campo y José Luis Téllez]. |
| 250 ## - MENCION DE EDICION | |
| Mención de edición | 1ª ed. |
| 260 ## - PUBLICACIÓN, DISTRIBUCIÓN, ETC. | |
| Lugar de publicación, distribución, etc. | Bilbao : |
| Nombre del editor, distribuidor, etc. | ABAO-OLBE : |
| -- | Fundación BBVA, |
| Fecha de publicación, distribución, etc. | 2009. |
| 300 ## - DESCRIPCIÓN FÍSICA | |
| Extensión | 120 p. : |
| Otras características físicas | principalmente il. col., fot. ; |
| Dimensiones | 31 x 31 cm. |
| 594 ## - Nota al título y mención de responsabilidad | |
| Nota al título y mención de responsabilidad | En prelim.: "Proyecto Tutto Verdi" |
| 600 14 - PUNTO DE ACCESO ADICIONAL DE MATERIA--NOMBRE DE PERSONA | |
| Nombre de persona | Verdi, Giuseppe, |
| Fechas asociadas al nombre | 1813-1901 |
| 9 (RLIN) | 240500 |
| 650 #7 - PUNTO DE ACCESO ADICIONAL DE MATERIA--TÉRMINO DE MATERIA | |
| Término de materia o nombre geográfico como elemento de entrada | Ópera- |
| Subdivisión de forma | Obras ilustradas. |
| 9 (RLIN) | 161285 |
| 650 #7 - PUNTO DE ACCESO ADICIONAL DE MATERIA--TÉRMINO DE MATERIA | |
| Término de materia o nombre geográfico como elemento de entrada | Industria- |
| Subdivisión geográfica | Vizcaya- |
| Subdivisión de forma | Obras ilustradas. |
| 9 (RLIN) | 161286 |
| 700 1# - ENTRADA AGREGADA--NOMBRE PERSONAL | |
| Nombre de persona | Alonso, Mikel, |
| Fechas asociadas al nombre | 1950- |
| 9 (RLIN) | 161284 |
| 700 1# - ENTRADA AGREGADA--NOMBRE PERSONAL | |
| Nombre de persona | Montero, Manuel, |
| Fechas asociadas al nombre | 1955- |
| 9 (RLIN) | 152088 |
| 700 1# - ENTRADA AGREGADA--NOMBRE PERSONAL | |
| Nombre de persona | Vela del Campo, Juan Angel. |
| 9 (RLIN) | 113685 |
| 700 1# - ENTRADA AGREGADA--NOMBRE PERSONAL | |
| Nombre de persona | Téllez, José Luis, |
| Fechas asociadas al nombre | 1944- |
| 9 (RLIN) | 161287 |
| 710 2# - ENTRADA AGREGADA--NOMBRE DE ENTIDAD CORPORATIVA | |
| Nombre de entidad corporativa o nombre de jurisdicción como elemento de entrada | Fundación BBVA |
| 9 (RLIN) | 4230 |
| 852 ## - LOCALIZACIÓN | |
| Ubicación | ES-MaACL |
| Número de control de estantería | L-30833 |
| Nota libre | - Enc. cart. |
| Estatus retirado | Estado de pérdida | Estado de daño | No para préstamo | Biblioteca de origen | Biblioteca actual | Ubicación en estantería | Fecha de adquisición | Fuente de adquisición | Total de préstamos | Signatura topográfica completa | Código de barras | Visto por última vez | Precio de reemplazo | Tipo de ítem Koha |
|---|---|---|---|---|---|---|---|---|---|---|---|---|---|---|
| Biblioteca del Ateneo de Madrid | Biblioteca del Ateneo de Madrid | Depósito 2 | 17/11/2016 | L-30833 | 1196653 | 23/02/2023 | 23/02/2023 | Libro impreso |
